Дети блокады: повесть

Бібліографічні деталі
Автор: Сухачев М. П. Михаил Павлович
Резюме:Повесть Михаила Павловича Сухачева рассказывает о блокаде Ленинграда в годы Великой Отечественной войны. С сентября 1941 по январь 1944 года фашисты каждый день по нескольку раз бомбили и обстреливали город. Более миллиона ленинградцев умерло от голода й холода, но они не сдавались, героически работая и перенося лишения. Герои книги, — дети блокадного Ленинграда, Витя Стогов и его друзья, — тушили на чердаках зажигательные бомбы, ловили сигнальщиков-диверсантов, помогали людям выстоять. Любовь к Родине, стойкость, мужество, самоотверженность — вот главные черты этих ребят, благодаря которым они выдержали нечеловеческие испытания. Для среднего школьного возраста.
Мова:Російська
Опубліковано: Москва, Детская литература, 2012
Серія:Школьная библиотека
Предмети:
Формат: Книга
KOHA link:https://koha.lib.tpu.ru/cgi-bin/koha/opac-detail.pl?biblionumber=236432

MARC

LEADER 00000nam0a2200000 4500
001 236432
005 20231031204700.0
010 |a 9785080048593 
035 |a (RuTPU)RU\TPU\book\257595 
035 |a RU\TPU\book\168833 
090 |a 236432 
100 |a 20130424d2012 d y0rusy5003 ca 
101 0 |a rus 
102 |a RU 
105 |a a z 000ay 
200 1 |a Дети блокады  |e повесть   |f М. П. Сухачев 
210 |a Москва  |c Детская литература  |d 2012 
215 |a 270 с.  |c ил. 
225 1 |a Школьная библиотека 
330 |a Повесть Михаила Павловича Сухачева рассказывает о блокаде Ленинграда в годы Великой Отечественной войны. С сентября 1941 по январь 1944 года фашисты каждый день по нескольку раз бомбили и обстреливали город. Более миллиона ленинградцев умерло от голода й холода, но они не сдавались, героически работая и перенося лишения. Герои книги, — дети блокадного Ленинграда, Витя Стогов и его друзья, — тушили на чердаках зажигательные бомбы, ловили сигнальщиков-диверсантов, помогали людям выстоять. Любовь к Родине, стойкость, мужество, самоотверженность — вот главные черты этих ребят, благодаря которым они выдержали нечеловеческие испытания. Для среднего школьного возраста. 
610 1 |a дети 
610 1 |a Ленинград 
610 1 |a детская литература 
610 1 |a повести 
610 1 |a русская литература 
610 1 |a Великая Отечественная война 1941-1945 
675 |a Р2  |z rus 
700 1 |a Сухачев  |b М. П.  |g Михаил Павлович  |4 070 
801 0 |a RU  |b 63413507  |c 19950417  |g psbo 
801 1 |a RU  |b 63413507  |c 20090318  |g PSBO 
801 2 |a RU  |b 63413507  |c 20140304  |g PSBO 
942 |c BK